| 000 | 00407nam a2200145 i 4500 | ||
|---|---|---|---|
| 001 | 71166 | ||
| 003 | ES-MaACL | ||
| 007 | t| | ||
| 008 | 040806s1933 fr ||||1| fre d | ||
| 100 | 1 |
_aGaussen, Henri. _956029 |
|
| 245 | 1 | 0 |
_aGéographie des plantes / _cpar Henri Gaussen. |
| 260 |
_aParis : _bArmand Colin, _c1933 ( _fAndré Brulliard) |
||
| 300 |
_a222 p. : _bil. ; _c18 cm. |
||
| 852 |
_aES-MaACL _jB-8403 |
||
| 999 |
_c71166 _d71166 |
||